| 000 | 00639nam a2200157 4500 | ||
|---|---|---|---|
| 999 |
_c17013 _d17013 |
||
| 008 | 220526b ||||| |||| 00| 0 eng d | ||
| 022 | _a0117-3308 | ||
| 082 | _aDPer 004.1105 C73 Sept 2010 - April 2011 v. 20 n. 3-9 | ||
| 100 |
_aKirk, Jeremy. _945266 |
||
| 245 |
_aAfter RSA breach, securID tokens in jeopardy?/ _bhackers may be able to remotely log into enterprise networks after a breach at RSA/ _cJeremy Kirk. |
||
| 260 |
_aPhilippines: _bSchneider Electric, _c©2010-2011. |
||
| 300 |
_av20 n9, page 30: _bcolor illustrations; _c27 cm. |
||
| 500 | _aComputer world. | ||
| 650 |
_aComputer networks _xSecurity. _945231 |
||
| 942 |
_2ddc _cPER |
||